000 00857nas a2200277 4500
001 BR0806066
003 BR-BrBNA
005 20231205112050.0
007 ta
008 230509b bl.|||p| |||| 00| 00por d
040 _aBR-BrBNA
_bpor
_cBiblioteca Nacional de Agricultura
041 _a(Pt)
072 _aK10; J10
100 1 _aCalil, A.C.
100 1 _aLeonhardt, C.
100 1 _aSouza, L. dos S.
100 1 _aSilva, V.S. da
245 1 _aViabilidade de sementes armazenadas de frutos imaturos de jaborandi (Pilocarpus pennatifolius Lem. -Rutaceae)
650 _aJABORANDI
650 _aSEMENTE FLORESTAL
650 _aMATURAÇÃO
650 _aDEISCÊNCIA
773 0 _tPesquisa Agropecuária Gaúcha (Brazil)
_xISSN 0104-9070
_g(2008), v. 14(1) p. 63-66
_wBR0806066
909 _a202311
_bLúcia
_c55
_dLúcia Elande
942 _2AGRIS
_n0
_cANA
999 _c195912
_d195912